00443nmm a22001457a 450000500170000000800410001704100080005808200100006610000320007624501190010826000090022765000150023665000290025165000170028020161103145706.0161101b xxu||||| |||| 00| 0 spa d aspa aTU 10 aRodríguez Vargas, Marilyn aManual de procedimientos para ejecución de programas La Caravana Gira de la empresa tour operadora Ecole Travel c2014 aCOSTA RICA aMANUAL DE PROCEDIMIENTOS aECOLE TRAVEL